000
00213nam a22000977a 4500
008
170125b xxu||||| |||| 00| 0 eng d
041
_a
eng
080
_a
618.2
245
_a
QUICK CONSULT
_c
BOSKER, G
942
_2
udc
_c
BK
999
_c
3578
_d
3578